Cargando...

Art of HRD; job evaluation and remuneration V.7

Detalles Bibliográficos
Autor principal: Frans, Poels
Formato: Printed Book
Lenguaje:Undetermined
English
Publicado: Newdelhi Crest publishing 1999
Materias:
LEADER 00593nam a2200181Ia 4500
008 140306s9999 xx 000 0 und d
041 |a eng 
082 |a 658  |b FRA/AR 
100 |a Frans, Poels 
245 |a Art of HRD; job evaluation and remuneration V.7 
260 |a Newdelhi  |b Crest publishing  |c 1999 
300 |a 270 
365 |b Rs.90 
650 |a Human resource development 
650 |a Management 
942 |2 ddc  |c BK 
999 |c 114691  |d 114691 
952 |0 0  |1 0  |2 ddc  |4 0  |6 658_000000000000000_FRAAR  |7 0  |9 112886  |a KAUHCV  |b KAUHCV  |d 2004-04-21  |g 90.00  |o 658 FRA/AR  |p KAU_HCV-24669  |r 2014-03-22  |w 2014-03-22  |y BK